000 00712nam a2200229Ia 4500
003 OSt
005 20221007072457.0
006 a|||||r|||| 00| 0
007 ta
008 221006b |||||||| |||| 00| 0 eng d
024 _a21,573
037 _cTextual
040 _aFLL
_cFLL
_beng
041 _2eng
_aeng
082 _aZ3y7m:L85, C1
100 _aPollock Frederick Ed.
_9690738
245 0 _aRevised reports being a republication of such cases in the english courts of common law and equity, from the year 1785
260 _aLondon
_bSweet & Maxwell England
_c1902
300 _a876p
_ccm.
942 _hZ3y7m:L85, C1
_cTEXL
_2CC
999 _c1146188
_d1146188